[Event "EU-ch Seniors 50 18th"]
[Site "Drammen"]
[Date "2018.08.06"]
[Round "3"]
[White "Stubrud, Jan Magne"]
[Black "Krohg, Georg A"]
[Result "0-1"]
[WhiteElo "1667"]
[BlackElo "1956"]
[PlyCount "72"]
[EventDate "2018.08.04"]
[EventType "swiss"]
[EventRounds "9"]
[EventCountry "NOR"]
[SourceTitle "CBM 185 Extra"]
[Source "ChessBase"]
[SourceDate "2018.07.29"]
[SourceVersion "1"]
[SourceVersionDate "2018.07.29"]
[SourceQuality "1"]

1. d4 d5 2. Bf4 c5 3. e3 Nc6 4. Nc3 c4 5. Be2 Nf6 6. Nf3 Bf5 7. 0-0 a6 8. Nh4 Bg6 9. Nxg6 hxg6 10. Bf3 e6 11. b3 Qa5 12. Ne2 c3 13. a3 Bxa3 14. Qd3 Qb4 15. Ra2 Qe7 16. Qxc3 Bb4 17. Qb2 Bd6 18. c3 Bxf4 19. exf4 Qd6 20. Re1 g5 21. Qd2 g4 22. Ng3 gxf3 23. Nf5 Qf8 24. Qd3 fxg2 25. Rae2 0-0-0 26. Ne3 Rh3 27. Kxg2 Qh8 28. Rh1 Nh5 29. Qc2 Nxf4+ 30. Kf1 Rxh2 31. Rxh2 Qxh2 32. Ke1 Qh1+ 33. Nf1 Nxe2 34. Qxe2 Qe4 35. Ne3 Qb1+ 36. Qd1 Qxd1+ 0-1

[Event "Buskerud-ch op"]
[Site "Konnerud"]
[Date "2018.06.17"]
[Round "4"]
[White "Aure, Anders Nilsson"]
[Black "Krohg, Georg A"]
[Result "1/2-1/2"]
[WhiteElo "1791"]
[BlackElo "1928"]
[PlyCount "113"]
[EventDate "2018.06.16"]
[EventType "swiss"]
[EventRounds "5"]
[EventCountry "NOR"]
[SourceTitle "EXT 2024"]
[Source "ChessBase"]
[SourceDate "2023.10.10"]
[SourceVersion "1"]
[SourceVersionDate "2023.10.10"]
[SourceQuality "1"]

1. c4 g6 2. Nc3 Bg7 3. g3 c6 4. Bg2 Nf6 5. Nf3 d5 6. cxd5 Nxd5 7. 0-0 0-0 8. Nxd5 Qxd5 9. d3 Bg4 10. Qc2 Nd7 11. Be3 Qh5 12. Rab1 c5 13. Rfc1 Rac8 14. Qd2 b6 15. b4 Rfd8 16. bxc5 Nxc5 17. Rc2 Qf5 18. Rbc1 Bf6 19. Bxc5 bxc5 20. Qa5 Bxf3 21. Bxf3 Bd4 22. Qxa7 c4 23. Qxe7 cxd3 24. Rxc8 Rxc8 25. Rxc8+ Qxc8 26. exd3 Qc1+ 27. Kg2 Qb2 28. Qe2 Qb6 29. Bd5 Qa7 30. Qc2 Kg7 31. Qb3 Bxf2 32. Qb7 Kf8 33. Qxa7 Bxa7 34. Kf3 Ke7 35. a4 Bb6 36. Bc4 f6 37. g4 h6 38. Ke4 Bc7 39. h3 h5 40. gxh5 f5+ 41. Kd5 gxh5 42. Kc6 Kd8 43. d4 h4 44. Be6 f4 45. Bg4 Ba5 46. d5 Bc3 47. Kb5 Kc7 48. a5 Bd4 49. a6 Kd6 50. Kc4 Ba7 51. Bf3 Bb6 52. Kd3 Ke5 53. Kc4 Kd6 54. Kb5 Ba7 55. Kb4 Bb6 56. Kb5 Ba7 57. Kc4 1/2-1/2

[Event "Buskerud-ch op"]
[Site "Konnerud"]
[Date "2018.06.16"]
[Round "2"]
[White "Brobakken, Lars Erik"]
[Black "Krohg, Georg A"]
[Result "0-1"]
[WhiteElo "1792"]
[BlackElo "1928"]
[PlyCount "110"]
[EventDate "2018.06.16"]
[EventType "swiss"]
[EventRounds "5"]
[EventCountry "NOR"]
[SourceTitle "EXT 2024"]
[Source "ChessBase"]
[SourceDate "2023.10.10"]
[SourceVersion "1"]
[SourceVersionDate "2023.10.10"]
[SourceQuality "1"]

1. c4 g6 2. d4 Bg7 3. Nc3 c5 4. Nf3 cxd4 5. Nxd4 Nc6 6. Nc2 Nf6 7. e4 d6 8. Be2 Be6 9. 0-0 Rc8 10. Ne3 Nd7 11. f4 Nc5 12. f5 Bd7 13. Ned5 Nd4 14. Bg5 Nxe2+ 15. Qxe2 f6 16. Bh4 Bc6 17. Rad1 Nd7 18. Nf4 Nf8 19. c5 Qa5 20. cxd6 exd6 21. fxg6 hxg6 22. Bg3 Rd8 23. Ncd5 Kf7 24. b4 Qa4 25. Qf3 Nd7 26. Qg4 Nf8 27. e5 dxe5 28. Nc3 Qxb4 29. Rxd8 Qb6+ 30. Bf2 Qxd8 31. Rd1 Bd7 32. Qf3 Qc8 33. Ne4 Qc6 34. Nd6+ Kg8 35. Qb3+ Kh7 36. Nh3 Bg4 37. Nf7 Be6 38. Nfg5+ fxg5 39. Qe3 Bxh3 40. Qxh3+ Kg8 41. Qb3+ Ne6 42. Bxa7 Kf7 43. Be3 Ke7 44. Qb4+ Ke8 45. Rc1 Qd7 46. Qa5 Rf8 47. Re1 Bf6 48. Rf1 e4 49. Qa8+ Kf7 50. Qa3 Kg7 51. Qb3 Bd4 52. Re1 Rc8 53. h3 Rc3 54. Qb1 Bxe3+ 55. Kh1 Qc6 0-1

[Event "SB-2017-0-00481"]
[Site "LSS email"]
[Date "2017.01.01"]
[Round "?"]
[White "Buczinski, Henryk"]
[Black "Krohg, Georg A"]
[Result "0-1"]
[WhiteElo "1887"]
[BlackElo "1861"]
[PlyCount "124"]
[EventDate "2016.12.01"]
[EventType "tourn (corr)"]
[EventRounds "6"]
[EventCountry "GER"]
[SourceTitle "Corr 2022"]
[Source "ChessBase"]
[SourceDate "2021.10.24"]
[SourceVersion "1"]
[SourceVersionDate "2021.10.24"]
[SourceQuality "1"]

1. e4 c5 2. Nf3 e6 3. c3 d5 4. exd5 exd5 5. d4 Nf6 6. Bb5+ Bd7 7. Bxd7+ Nbxd7 8. 0-0 Be7 9. Bf4 0-0 10. Nbd2 Qb6 11. Qb3 Nh5 12. Be3 c4 13. Qc2 Rfe8 14. b3 Qc7 15. bxc4 dxc4 16. Rfe1 Bd6 17. Ne4 Nhf6 18. Nxd6 Qxd6 19. h3 a6 20. Rab1 b5 21. a4 Rab8 22. Bd2 Rxe1+ 23. Rxe1 Nd5 24. Nh4 g6 25. axb5 axb5 26. Qa2 Kg7 27. Qb2 h5 28. Nf3 Qc6 29. Rc1 Ra8 30. Qb1 N7f6 31. Ne5 Qa6 32. Bg5 Ra7 33. Kh2 Ng8 34. Kg1 Nge7 35. Nf3 Qc6 36. Bd2 Nf5 37. Ne5 Qb7 38. Nf3 Nd6 39. Ng5 Qd7 40. f3 Ra3 41. Ne4 Nxe4 42. Qxe4 Ra2 43. Rd1 Qf5 44. g4 hxg4 45. hxg4 Qd7 46. Qe5+ f6 47. Qe1 Qd6 48. Qh4 g5 49. Bxg5 fxg5 50. Qxg5+ Kf8 51. Qf5+ Ke7 52. Re1+ Kd8 53. Re5 Nxc3 54. Kf1 Rh2 55. Qg5+ Kc7 56. Qf4 Rh1+ 57. Kg2 Rg1+ 58. Kf2 Kb6 59. Qd2 Ne2 60. Qxe2 Qxd4+ 61. Qe3 Qxe3+ 62. Rxe3 Rh1 0-1

[Event "SB-2017-0-00481"]
[Site "LSS email"]
[Date "2017.01.01"]
[Round "?"]
[White "Krohg, Georg A"]
[Black "Salonen, Jukka"]
[Result "1-0"]
[WhiteElo "1861"]
[BlackElo "1883"]
[PlyCount "87"]
[EventDate "2016.12.01"]
[EventType "tourn (corr)"]
[EventRounds "6"]
[EventCountry "GER"]
[SourceTitle "Corr 2022"]
[Source "ChessBase"]
[SourceDate "2021.10.24"]
[SourceVersion "1"]
[SourceVersionDate "2021.10.24"]
[SourceQuality "1"]

1. e4 e5 2. Bc4 Nf6 3. d3 c6 4. Nf3 Be7 5. 0-0 d6 6. c3 0-0 7. Bb3 Nbd7 8. Re1 Re8 9. d4 h6 10. Nbd2 Bf8 11. Bc2 g6 12. Nf1 b6 13. Ng3 Bg7 14. h3 Bb7 15. Be3 Qc7 16. Qd2 Kh7 17. Rad1 Rad8 18. Qc1 exd4 19. cxd4 c5 20. d5 Rc8 21. a4 Ne5 22. Nxe5 Rxe5 23. Bd2 Ree8 24. Bc3 Nd7 25. Bd3 c4 26. Be2 Qd8 27. Bg4 Bxc3 28. Qxc3 Rc5 29. f4 Qc7 30. Nf5 gxf5 31. Bxf5+ Kg8 32. Qg3+ Kf8 33. Qh4 Kg7 34. Re3 Nf8 35. Rg3+ Ng6 36. Qh5 Rg8 37. Bxg6 Kf8 38. Qxh6+ Ke8 39. f5 Qe7 40. f6 Qxf6 41. Bxf7+ Qxf7 42. Rf1 Rxg3 43. Rxf7 Kxf7 44. Qf4+ 1-0

[Event "SB-2016-0-00460"]
[Site "LSS email"]
[Date "2016.08.20"]
[Round "?"]
[White "Krohg, Georg A"]
[Black "Castignani, Fausto"]
[Result "1-0"]
[WhiteElo "1861"]
[BlackElo "2020"]
[PlyCount "95"]
[EventDate "2016.07.18"]
[EventType "tourn (corr)"]
[EventRounds "6"]
[EventCountry "GER"]
[SourceTitle "Corr 2022"]
[Source "ChessBase"]
[SourceDate "2021.10.24"]
[SourceVersion "1"]
[SourceVersionDate "2021.10.24"]
[SourceQuality "1"]

1. e4 e5 2. Bc4 Nf6 3. d3 c6 4. Nf3 d5 5. Bb3 Bd6 6. exd5 cxd5 7. Bg5 Nc6 8. Nc3 Bb4 9. 0-0 Be6 10. Qe2 h6 11. Bh4 0-0 12. Nxe5 Nd4 13. Qd1 Nf5 14. Bxf6 Qxf6 15. d4 Bxc3 16. bxc3 Rac8 17. g4 Ne7 18. f4 Rxc3 19. f5 Bc8 20. Qd2 Rc7 21. Rae1 b6 22. c3 Qh4 23. Rf3 Bb7 24. Rg3 a5 25. Ba4 Ba6 26. Qf2 Bc8 27. Bb5 Qf6 28. Rf3 Qd6 29. f6 Ng6 30. Kh1 Bb7 31. Bd3 Nxe5 32. Rxe5 Rxc3 33. fxg7 Kxg7 34. g5 h5 35. Rf6 Qd7 36. Re1 Rxd3 37. Rh6 f5 38. Qf4 Kg8 39. Rg6+ Kh7 40. Ree6 Rd1+ 41. Kg2 Ba6 42. Rh6+ Kg8 43. Reg6+ Kf7 44. Rg7+ Kxg7 45. Qe5+ Kg8 46. Rh8+ Kf7 47. Qf6+ Ke8 48. Rxf8# 1-0

[Event "SB-2016-0-00460"]
[Site "LSS email"]
[Date "2016.08.15"]
[Round "?"]
[White "Krohg, Georg A"]
[Black "Dreisch, Juergen"]
[Result "1-0"]
[WhiteElo "1861"]
[BlackElo "2002"]
[PlyCount "37"]
[EventDate "2016.07.18"]
[EventType "tourn (corr)"]
[EventRounds "6"]
[EventCountry "GER"]
[SourceTitle "Corr 2022"]
[Source "ChessBase"]
[SourceDate "2021.10.24"]
[SourceVersion "1"]
[SourceVersionDate "2021.10.24"]
[SourceQuality "1"]

1. e4 c5 2. Nc3 d6 3. f4 Nc6 4. Nf3 Nf6 5. Bb5 Bd7 6. e5 Ng4 7. h3 Nh6 8. g4 e6 9. d3 Be7 10. 0-0 d5 11. Qe1 a6 12. Bxc6 Bxc6 13. d4 Qb6 14. Qf2 cxd4 15. Nxd4 Bc5 16. Be3 Qxb2 17. Nce2 Qa3 18. Rab1 Ba4 19. f5 1-0

[Event "OP-2016-0-04077"]
[Site "LSS email"]
[Date "2016.06.21"]
[Round "?"]
[White "Correa de Almeida, Claudio"]
[Black "Krohg, Georg A"]
[Result "0-1"]
[WhiteElo "1559"]
[BlackElo "1861"]
[PlyCount "92"]
[EventDate "2016.06.16"]
[EventType "tourn (corr)"]
[EventRounds "4"]
[EventCountry "GER"]
[SourceTitle "Corr 2022"]
[Source "ChessBase"]
[SourceDate "2021.10.24"]
[SourceVersion "1"]
[SourceVersionDate "2021.10.24"]
[SourceQuality "1"]

1. e4 c5 2. Nf3 Nc6 3. Bb5 d6 4. 0-0 Bd7 5. Re1 Nf6 6. c3 a6 7. Bf1 Bg4 8. d4 cxd4 9. cxd4 d5 10. e5 Ng8 11. e6 Bxe6 12. Rxe6 fxe6 13. Qb3 Ra7 14. Bf4 g6 15. Nc3 Bg7 16. Re1 Nh6 17. Bxh6 Bxh6 18. Rxe6 0-0 19. Nxd5 Kh8 20. Qc4 Bg7 21. Re4 Qd6 22. Rh4 b5 23. Qd3 Rd7 24. Ng5 h6 25. Qh3 Kg8 26. Rxh6 Bxh6 27. Qxh6 e5 28. Nc3 Nxd4 29. Qh3 Qe7 30. Qh6 Qf6 31. Nce4 Qf5 32. a4 Rc8 33. f3 Rc6 34. axb5 axb5 35. b3 Qf4 36. Ng3 Ra7 37. Kh1 Qc1 38. Kg1 Ne2+ 39. Nxe2 Qe3+ 40. Kh1 Qxe2 41. Kg1 Qe3+ 42. Kh1 Qf2 43. h3 Qxf1+ 44. Kh2 Qc1 45. Qh4 Rc2 46. Ne4 Qf4+ 0-1

[Event "OP-2016-0-04077"]
[Site "LSS email"]
[Date "2016.06.21"]
[Round "?"]
[White "Krohg, Georg A"]
[Black "Lauer, Frederic"]
[Result "1-0"]
[WhiteElo "1861"]
[BlackElo "1227"]
[PlyCount "41"]
[EventDate "2016.06.16"]
[EventType "tourn (corr)"]
[EventRounds "4"]
[EventCountry "GER"]
[SourceTitle "Corr 2022"]
[Source "ChessBase"]
[SourceDate "2021.10.24"]
[SourceVersion "1"]
[SourceVersionDate "2021.10.24"]
[SourceQuality "1"]

1. e4 c5 2. Nc3 Nc6 3. Bb5 e6 4. Bxc6 bxc6 5. f4 d5 6. d3 Be7 7. Nf3 Nf6 8. 0-0 0-0 9. Qe1 Ba6 10. e5 Nd7 11. b3 c4 12. bxc4 dxc4 13. d4 c5 14. d5 exd5 15. Nxd5 Nb6 16. Nxe7+ Qxe7 17. f5 Rad8 18. f6 Qd7 19. Qg3 g6 20. Qh4 h5 21. Qg5 1-0